Ako vyhodnotiť a predložiť rezortné štatistické výkazy MPVž SR na rok 1991

Bibliographic Details
Main Authors: Haraj, Vladimír (Author), Jagoš, Karol (Author)
Format: Article
Language:Slovak
Subjects:

MARC

LEADER 00000nab a2200000 a 4500
001 vtls000416120
003 SK-MaSNL
005 20260302234759.0
008 120925c1991 xo 0 slo
015 |a SNBRB19rr/mm-uuuuu 
035 |a CL0416245 
040 |a SNKBUCL  |b slo  |c SNKBUCL  |e AACR2 
041 0 |a slo 
044 |a xo  |c SK 
080 |a 631:31  |2 1981 
080 |a 31  |2 1981 
080 |a 631  |2 1981 
080 |a 354.83  |2 1981 
100 1 |a Haraj, Vladimír  |4 aut  |9 970555 
245 1 0 |a Ako vyhodnotiť a predložiť rezortné štatistické výkazy MPVž SR na rok 1991  |c Vladimír Haraj, Karol Jagoš 
650 0 7 |a poľnohospodárstvo  |2 snkbucl  |9 679 
650 0 7 |a výkazy štatistické rezortné  |2 snkbucl  |9 970556 
650 0 7 |a Ministerstvo poľnohospodárstva a výživy Slovenskej republiky  |2 snkbucl  |9 929403 
655 7 |a články z novín a časopisov  |2 snkbucl  |9 267496 
700 1 |a Jagoš, Karol  |4 aut  |9 970557 
773 0 |t Informácie Ministerstva poľnohospodárstva a výživy Slovenskej republiky  |g Roč. 19, č. 7 (1991), s. 12-17 
850 |a Slovenská národná knižnica v Martine  |a MTA001 
852 |a SNK  |b KIS3GCP 
958 |a RK 
992 |a RBX 
999 |c 1551929  |d 1553859